000 00507nam a22001457a 4500
008 251230b ||||| |||| 00| 0 eng d
082 0 4 _a364.1323
245 0 0 _aRASUAH DIHINA INTEGRITI DIBINA
260 _aKuala Lumpur :
_bJabatan Perhutanan Semenanjung Malaysia,
_c[2024?]
300 _a154 pages :
_bsome colour illustrations ;
_c21 cm
650 1 0 _xCorruption
_zMalaysia
650 2 0 _xCorruption
_yGovernment policy
650 2 0 _xBribery
_zMalaysia
942 _2ddc
_e22
_h364.1323 RAS
999 _c27059
_d27059